Talking straight

Guardat en:
Dades bibliogràfiques
Autor principal: Lacocca, Lee
Format: Llibre
Idioma:Undetermined
Publicat: Boston G. K. Hall 1989
Matèries:
Etiquetes: Afegir etiqueta
Sense etiquetes, Sigues el primer a etiquetar aquest registre!
Thư viện lưu trữ: Trung tâm Học liệu Trường Đại học Cần Thơ
LEADER 00540nam a2200205Ia 4500
001 CTU_77601
008 210402s9999 xx 000 0 und d
082 |a 338.76292 
082 |b I.11 
100 |a Lacocca, Lee 
245 0 |a Talking straight 
245 0 |c Lee Lacocca, Sonny Kleinfield 
260 |a Boston 
260 |b G. K. Hall 
260 |c 1989 
650 |a Business people,Large type books 
650 |x Biography 
650 |z United States 
904 |i Bằng 
980 |a Trung tâm Học liệu Trường Đại học Cần Thơ